| 000 | 01331cam a2200277 4500 | ||
|---|---|---|---|
| 001 | L157618 | ||
| 002 | 17997 | ||
| 008 | 050825n2009 000 0 eng u | ||
| 020 | _a9780414040090 | ||
| 035 | _a(Sirsi) u157618 | ||
| 041 | 0 | _aeng | |
| 050 | 0 | 4 | _a692.8 $2 18 |
| 110 | 2 |
_aJoint Contracts Tribunal _93664 |
|
| 245 | 0 | 0 |
_aICSub/NAM/C _bIntermediate Named Sub-Contract Conditions 2005, revision 2 2009 |
| 260 |
_aLondon _bSweet and Maxwell _c2009 |
||
| 300 |
_aiv, 57p. _c30cm. |
||
| 350 | _a48.06 | ||
| 490 | 0 | _aJCT Intermediate Named Subcontract Conditions (2005 Edition) | |
| 520 | _aAppropriate for use with the JCT Intermediate Building Contract (2005 Edition) or JCT Intermediate Building Contract with Contractor's Design (2005 Edition) where the subcontractor is named in the main contract. The contract is not suitable for any subcontract work that the forms part of the contractors designed portion. | ||
| 650 | 2 | 4 | _aJCT INTERMEDIATE NAMED SUBCONTRACT CONDITIONS (2005 EDITION) |
| 650 | 2 | 4 | _aJCT INTERMEDIATE BUILDING CONTRACT (2005 EDITION) |
| 650 | 2 | 4 | _aJCT INTERMEDIATE BUILDING CONTRACT WITH CONTRACTOR'S DESIGN (2005 EDITION) |
| 651 | 4 |
_aUnited Kingdom _y |
|
| 690 | _aBUILT ENVIRONMENT-BUILDING CONTRACT FORMS-STANDARD FORMS OF BUILDING CONTRACT-JOINT CONTRACTS TRIBUNAL CONTRACTS | ||
| 942 | _n0 | ||
| 999 |
_c114873 _d114873 |
||